Proposal of Employee Competency Improvement

Zložky modelu kompetencií. Kroky k vývoju modelu. Posudzovanie pracovných pozícií z pohľadu časovej, finančnej, rozhodovacej a expertnej dimenzie. STN EN ISO 9001:2009. Cyklus PDCA. Plánovacia, testovacia, kontrolná a implementačná fáza vylepšenia systému kompetencií.

Saved in:
Bibliographic Details
Main Author: Bednárová, Lucia
Other Authors: Jergová, Natália, Hajduová, Zuzana, 1974-, Pacana, Andrzej
Format: Book Chapter
Language:English
Subjects:
Tags: Add Tag
No Tags, Be the first to tag this record!

MARC

LEADER 00000naa a2200000 4500
001 0209808
005 20240502083523.8
041 0 |a eng 
044 |a PL 
245 1 0 |a Proposal of Employee Competency Improvement  |c Lucia Bednárová, Natália Jergová, Zuzana Hajduová, Andrzej Pacana 
520 |a Zložky modelu kompetencií. Kroky k vývoju modelu. Posudzovanie pracovných pozícií z pohľadu časovej, finančnej, rozhodovacej a expertnej dimenzie. STN EN ISO 9001:2009. Cyklus PDCA. Plánovacia, testovacia, kontrolná a implementačná fáza vylepšenia systému kompetencií. 
610 2 0 |a kompetencie 
610 2 0 |a modely kompetenčné 
100 1 |a Bednárová, Lucia 
700 1 |a Jergová, Natália 
700 1 |a Hajduová, Zuzana, 1974- 
700 1 |a Pacana, Andrzej